Faculty of Law Library — Cairo University

Official Online Catalog

Le Droit Des Nationalités / (Record no. 61161)

MARC details
000 -LEADER
fixed length control field 01197nam a22002897i 4500
003 - CONTROL NUMBER IDENTIFIER
control field EG-GICUC
005 - DATE AND TIME OF LATEST TRANSACTION
control field 20260204213953.0
008 - FIXED-LENGTH DATA ELEMENTS--GENERAL INFORMATION
fixed length control field 260204s1915 fr ||||fr|||| 000 0 fre d
040 ## - CATALOGING SOURCE
Original cataloging agency EG-GiCUC
Language of cataloging fre
Transcribing agency EG-GiCUC
Modifying agency EG-GiCUC
Description conventions Rda
082 04 - DEWEY DECIMAL CLASSIFICATION NUMBER
Edition number 21
Classification number 341.81
Item number BA . D
092 04 - LOCALLY ASSIGNED DEWEY CALL NUMBER (OCLC)
Edition number 21
099 ## - LOCAL FREE-TEXT CALL NUMBER (OCLC)
Classification number Law1 12 341.81 BA . D 1915
100 1# - MAIN ENTRY--PERSONAL NAME
Personal name Baie, Eugène
Relator term Auteur
245 13 - TITLE STATEMENT
Title Le Droit Des Nationalités /
Statement of responsibility, etc. Eugène Baie.
Number of part/section of a work
264 #1 - PRODUCTION, PUBLICATION, DISTRIBUTION, MANUFACTURE, AND COPYRIGHT NOTICE
Place of production, publication, distribution, manufacture paris :
Name of producer, publisher, distributor, manufacturer Librairie Félix Alcan,
Date of production, publication, distribution, manufacture, or copyright notice 1915.
300 ## - PHYSICAL DESCRIPTION
Extent 110page :
Other physical details illustration ;
Dimensions 24 cm.
336 ## - CONTENT TYPE
Source rda contenu
Content type term texte
337 ## - MEDIA TYPE
Source rda medias
Media type term Ordinateur
338 ## - CARRIER TYPE
Source transporteur rda
Carrier type term Ressource en ligne
500 ## - GENERAL NOTE
General note Consultation De Mm.<br/>Émile Boutboux, Carton De Wiart, L. Luzzatti, Mil. R. Vesnitch. Vandervelde, Zygmunt, L. Zaleski, Yorga, Abbe Wetterle,<br/>Andreadės, Peterson, John Galsworthy, Norman Angell. Aulard, François De Curel, C' Adrien De Gerlache, Ernest Lehr. Lyon-caen, Edouard Clunet, Merignhac, Hennebico
546 ## - LANGUAGE NOTE
Language note Texte en français
650 14 - SUBJECT ADDED ENTRY--TOPICAL TERM
Topical term or geographic name entry element Droit international privé
Source of heading or term
651 1# - SUBJECT ADDED ENTRY--GEOGRAPHIC NAME
Source of heading or term
856 40 - ELECTRONIC LOCATION AND ACCESS
Uniform Resource Identifier <a href="https://fll.law.cu.edu.eg/fulltext/bks/B12-01884.pdf">https://fll.law.cu.edu.eg/fulltext/bks/B12-01884.pdf</a>
905 ## - Cataloger and Reviser Names
Cataloger Name: Dina
942 ## - ADDED ENTRY ELEMENTS (KOHA)
Source of classification or shelving scheme Dewey Decimal Classification
Koha item type Books
Edition 21
Suppress in OPAC No
Holdings
Withdrawn status Lost status Source of classification or shelving scheme Damaged status Not for loan Collection Home library Current library Date acquired Total checkouts Full call number Barcode Date last seen Copy number Price effective from Koha item type
    Dewey Decimal Classification   Not for loan القانون الدولي الخاص جــــامعة القــاهرة مكتبة كلية الحقوق - المبنى الرئيسي 04.02.2026   Law1 12 341.81 BA . D 1915 1201884 C1 B12-01884 04.02.2026 1 04.02.2026 Books

© All rights reserved — Faculty of Law, Cairo University